| 000 | 00513nam a2200145Ia 4500 | ||
|---|---|---|---|
| 008 | 140724s9999 xx 000 0 und d | ||
| 050 |
_aRC 451.4 _b.B336 2014 |
||
| 100 | _aBattung, Christine Lianne. | ||
| 245 | 2 |
_aA comparative study of coping mechanisms between foreign and local nursing students / _cChristine Lianne Battung. |
|
| 260 |
_aLas PiƱas, Philippines : _bSouthville International School and Colleges, _cc2014. |
||
| 300 |
_a49 p. : _c28 cm. |
||
| 521 | _aNursing | ||
| 942 | _cTH | ||
| 999 |
_c229336 _d229336 |
||